სტევიას ბიოლოგიური ნიშანთვისებებისა და გამრავლების საკითხების შესწავლა აჭარის პირობებში / (ბიბ.ჩანაწერი № 37467)
[ მარტივი ფორმატი ]
| 000 -ლიდერი | |
|---|---|
| ფიქსირებული სიგრძის საკონტროლო ველი | 01185nam a2200241Ia 4500 |
| 001 - საკონტროლო ნომერი | |
| საკონტროლო ველი | 3428 |
| 003 - საკონტროლო ნომრის იდენტიფიკატორი | |
| საკონტროლო ველი | GE_BSU |
| 005 - ბოლო ოპერაციის თარიღი და დრო | |
| საკონტროლო ველი | 20190617214558.0 |
| 008 - ფიქსირებული სიგრძის მონაცემთა ელემენტები - ზოგადი ინფორმაცია | |
| ფიქსირებული სიგრძის საკონტროლო ველი | 181216s2009||||ge |||||||||||||| ||geo|| |
| 020 ## - წიგნის საერთაშორისო სტანდარტული ნომერი | |
| International Standard Book Number | 99928434705 |
| 040 ## - კატალოგიზაციის წყარო | |
| Transcribing agency | GE_BSU |
| 041 ## - ენის კოდი | |
| Language code of text/sound track or separate title | geo |
| 080 ## - უნივერსალური ათობითი კლასიფიკაციის ინდექსი | |
| Universal Decimal Classification number | 631.1(479.223) ჯ–12 |
| 100 ## - მთავარი ჩანაწერი - პიროვნების სახელი | |
| Personal name | ჯაბნიძე, ნანა |
| 9 (RLIN) | 2532 |
| 245 ## - ცნობა სათაურის შესახებ | |
| Title | სტევიას ბიოლოგიური ნიშანთვისებებისა და გამრავლების საკითხების შესწავლა აჭარის პირობებში / |
| Statement of responsibility, etc | ნანა ჯაბნიძე ; რედ. რეზო ჯაბნიძე. |
| 264 ## - წარმოების, გამოცემის, დისტრიბუციის და სხვა ცნობები | |
| გამოცემის, წარმოების, დისტრიბუციის... ადგილი | ბათუმი : |
| გამოცემის, წარმოების, დისტრიბუციის... სახელწოდება | ალიონი, |
| გამოცემის, წარმოების, დისტრიბუციის... თარიღი | 2009. |
| 300 ## - ფიზიკური აღწერა | |
| Extent | 93 გვ.; |
| Other physical details | 19 სმ. |
| 653 ## - INDEX TERM--UNCONTROLLED | |
| Uncontrolled term | სოფლის მეურნეობა |
| 653 ## - INDEX TERM--UNCONTROLLED | |
| Uncontrolled term | სტევიას ბიოლოგიური ნიშანთვისებები |
| 653 ## - INDEX TERM--UNCONTROLLED | |
| Uncontrolled term | სტევიას გამრავლების საკითხები |
| 700 ## - ADDED ENTRY--PERSONAL NAME | |
| Personal name | ჯაბნიძე, რეზო |
| Relator term | რედაქტორი |
| 9 (RLIN) | 2484 |
| 942 ## - ADDED ENTRY ELEMENTS (KOHA) | |
| Koha item type | წიგნი |
| Source of classification or shelving scheme | |
| ჩამოწერის სტატუსი | დაკარგული ეგზემპლარის სტატუსი | კლასიფიკაციის წყარო ან თაროზე გაწყობის სქემა | დაზიანების სტატუსი | არ გაიცემა | მუდმივი მდებარეობა (დაცვის ადგილი) | ამჟამინდელი ადგილსამყოფელი | თაროზე განთავსების ადგილი | შეძენის თარიღი | სრული შენახვის შიფრი | შტრიხკოდი | ბოლო ოპერაციის თარიღი | ეგზემპლარის მიმდევრობითი ნომერი (კეტერი?) | ფასის ძალაში შესვლის თარიღი | ეგზემპლარის სახეობა | საჯარო შენიშვნა |
|---|---|---|---|---|---|---|---|---|---|---|---|---|---|---|---|
| ბათუმის შოთა რუსთაველის სახელმწიფო უნივერსიტეტის მთავარი ბიბლიოთეკა | ბათუმის შოთა რუსთაველის სახელმწიფო უნივერსიტეტის მთავარი ბიბლიოთეკა | წიგნსაცავი | 2018-12-17 | 631.1(479.223) ჯ–12 | 4944 | 2018-12-17 | 4944 | 2018-12-17 | წიგნი | ||||||
| ბათუმის შოთა რუსთაველის სახელმწიფო უნივერსიტეტის მთავარი ბიბლიოთეკა | ბათუმის შოთა რუსთაველის სახელმწიფო უნივერსიტეტის მთავარი ბიბლიოთეკა | წიგნსაცავი | 2018-12-17 | 631.1(479.223) ჯ–12 | 4945 | 2018-12-17 | 4945 | 2018-12-17 | წიგნი | ||||||
| ბათუმის შოთა რუსთაველის სახელმწიფო უნივერსიტეტის მთავარი ბიბლიოთეკა | ბათუმის შოთა რუსთაველის სახელმწიფო უნივერსიტეტის მთავარი ბიბლიოთეკა | წიგნსაცავი | 2018-12-17 | 631.1(479.223) ჯ–12 | 4946 | 2018-12-17 | 4946 | 2018-12-17 | წიგნი | ||||||
| ბათუმის შოთა რუსთაველის სახელმწიფო უნივერსიტეტის მთავარი ბიბლიოთეკა | ბათუმის შოთა რუსთაველის სახელმწიფო უნივერსიტეტის მთავარი ბიბლიოთეკა | წიგნსაცავი | 2018-12-17 | 631.1(479.223) ჯ–12 | 4947 | 2018-12-17 | 4947 | 2018-12-17 | წიგნი | ||||||
| ბათუმის შოთა რუსთაველის სახელმწიფო უნივერსიტეტის მთავარი ბიბლიოთეკა | ბათუმის შოთა რუსთაველის სახელმწიფო უნივერსიტეტის მთავარი ბიბლიოთეკა | წიგნსაცავი | 2018-12-17 | 631.1(479.223) ჯ–12 | 4948 | 2018-12-17 | 4948 | 2018-12-17 | წიგნი | ||||||
| ბათუმის შოთა რუსთაველის სახელმწიფო უნივერსიტეტის მთავარი ბიბლიოთეკა | ბათუმის შოთა რუსთაველის სახელმწიფო უნივერსიტეტის მთავარი ბიბლიოთეკა | წიგნსაცავი | 2018-12-17 | 631.1(479.223) ჯ–12 | 4949 | 2018-12-17 | 4949 | 2018-12-17 | წიგნი |
